000 00315nam a22001337a 4500
008 170825b xxu||||| |||| 00| 0 eng d
020 _a9780205194322
041 _aeng
080 _24 ED
_a070
100 _a39
101 _aMED
245 _aTHE MEDIA OF MAS COMMUNICATION
_cVIVIAN.J
942 _2udc
_cBK
999 _c25047
_d25047